| 000 | 00598nam a2200217Ia 4500 | ||
|---|---|---|---|
| 003 | OSt | ||
| 005 | 20251113181051.0 | ||
| 008 | 210423s1980 xx 000 0 und d | ||
| 040 | _cAL | ||
| 041 | _aEnglish | ||
| 082 |
_a370.7 _bTRAT |
||
| 100 |
_aTRACE _9118618 |
||
| 245 | _aTraining animators in conscientization and education | ||
| 260 |
_aMaharashtra _bTrace Team _c1980 |
||
| 300 |
_a198p. _bBound _c24x18cm. |
||
| 365 | _cINR | ||
| 650 |
_aEconomics _9118619 |
||
| 650 |
_aLabour Economics _9118620 |
||
| 906 | _aanimators ; conscientization ; education ; Training | ||
| 942 |
_2ddc _cBK |
||
| 999 |
_c174732 _d174732 |
||